| 000 | 01633nam a2200301 a 4500 | ||
|---|---|---|---|
| 005 | 20200104041733.0 | ||
| 008 | 140520n ck a gr 00010 spa d | ||
| 020 | _a9789588554150 | ||
| 040 |
_aCO-BoBLA _cCO-BoBLA _dCO-BoIAVH |
||
| 041 | 0 | _aspa | |
| 044 | _ack | ||
| 082 | 0 | 4 |
_a599.538 _bD35d |
| 245 | 0 | 0 |
_aDelfines de río en Suramérica / _cfotografías María Claudia Díazgranados, Fernando Trujillo, Thomas Jefferson [y otro] ; ilustraciones Luisa Fda. Cuervo G.-. |
| 260 |
_aBogotá (Colombia): _bFundación Omacha, _c2011. |
||
| 300 |
_a64 páginas : _bilustraciones y fotografías a color ; _c20 cm. |
||
| 500 | _aGlosario : página 62. | ||
| 504 | _aIncluye referencias bibliográficas (página 63) | ||
| 505 | 0 | _a1. ¿Donde se encuentran los delfines de río? 2. ¿Cómo llegaron los ríos? 3. Diferencias entre los delfines marinos y los delfines de río. 4. ¿Que especies viven en Amazonia y la Orinoquia? 5. ¿Cuales son sus hábitats principales? 6. ¿Qué comen? 7. ¿Cómo y cuando se reproducen? 8. ¿Cómo es su vida social? 9. ¿Cómo descansan? 10. ¿Juegan los delfines? | |
| 650 | 4 |
_aDelfines de río _x Hábitos y conducta. |
|
| 650 | 4 |
_aDelfines de río _x Clasificación. |
|
| 650 | 4 |
_aDelfines de río _x Distribución geográfica _z América del Sur. |
|
| 700 | 1 |
_aDíazgranados, María Claudia, _efotógrafa. |
|
| 700 | 1 |
_aTrujillo, Fernando, _efotógrafo. |
|
| 700 | 1 |
_aJefferson, Thomas, _efotógrafo. |
|
| 700 | 1 |
_aZahangiur, Shushuk, _efotógrafa. |
|
| 700 | 1 |
_aCuervo G., Luisa Fernanda, _eilustradora. |
|
| 942 |
_2ddc _cLIBRO |
||
| 999 |
_c17790 _d17790 |
||